000 00270nam a2200121Ia 4500
003 GCL
008 140319s9999 xx 000 0 ara d
040 _aGCL /
_cGCL
082 0 4 _a813.009
_bج ن
245 1 0 _aنجيب محفوظ يتذكر
300 _a119 ص
490 _a
999 _c37947
_d37947